| 000 | 01251nam2a22002531 4500 | ||
|---|---|---|---|
| 001 | rc\4847088 | ||
| 005 | 20250613015341.0 | ||
| 021 |
_aRU _b[57-31637] |
||
| 035 | _a(NLR Aleph) 008896706 | ||
| 090 |
_a8676625 _c8676625 |
||
| 100 | _a20130426d1957 |||y0rusy50 ca | ||
| 101 | 0 | _arus | |
| 102 | _aRU | ||
| 105 | _aa z ||||| | ||
| 200 | 1 |
_aКонюшня на 40 рабочих лошадей крупных пород _e(Стены деревянные, каркасные) _f[Авт. А.Я. Зубкин] |
|
| 210 |
_d1957 _aБ. м. |
||
| 215 | _a25 с., 8 с. черт. | ||
| 461 | 0 |
_1001rc\4847087 _12001#$aТиповые проекты сельскохозяйственных построек$fМ-во гор. и сельского строительства СССР. Гипросельхоз$vПроект № 0443-В _98676620 _cМосква _d1957 _fМ-во гор. и сельского строительства СССР. Гипросельхоз _nГипросельхоз _tТиповые проекты сельскохозяйственных построек _vПроект № 0443-В |
|
| 701 | 1 |
_aЗубкин _bА.Я. |
|
| 801 | 0 |
_aRU _bNLR _gpsbo |
|
| 801 | 1 |
_aRU _bELAR _2rusmarc |
|
| 852 |
_aNLR _j57-9/115 |
||
| 942 | _cBOOK | ||
| 980 | _aNB | ||